00439nam a22001577a 450000500170000001000150001702000260003203500140005803700130007208200150008510000270010024500610012726000430018827000240023130000260025520170505121944.0 aENG-118046 a9789385144387c995.00 aEN-101578 bDBAD/PUB a302.230954 aChandrakanta K. Mathur aMedia in india: raj to swarajcby Chandrakanta K. Mathur aShakti NagarbShivalik Prakashanc2015 a27/16, Shakti Nagar aviii, 249pc23cm.[Hb]